000 00743nam a22002177a 4500
999 _c175637
_d175637
005 20200911150328.0
010 _aENG-128417
020 _c470.00
_a9789353944612
035 _aEN-111949
037 _bDBAD/PUB
082 _a570
245 _aPearson Foundation Biology 2020/
_bEdited by Sonal Jain and Ashi Jain
250 _a3rd edition
260 _aNoida
_bPearson
_c2020
270 _a15th floor,Tower-B,Word Trade Tower,Plot no.1,Block-C sec 16,
_bNoida
_e201301
_k04466540100
_mcompanysecretary.india@pearson.com
300 _axiii;Various pages.
_c25cm(pbk)
_bPictures and Tables
500 _aIncludes Glossary and Photo Credit
700 _aJain, Sonal
700 _aJain, Ashi
942 _2ddc
_cEN
_h570
_mPEA